000
00317nam a2200145Ia 4500
008
191201s2012 xx 000 0 und d
082
_a
006.3
_b
HAD
100
_a
HAN, Jiawei
245
0
_a
Data Mining
250
_a
3rd
260
_a
N.Delhi
_b
Elsevier
_c
2012
300
_a
703
650
_a
MCA
942
_2
ddc
_c
BK
_0
31
999
_c
5121
_d
5121